000 00625nam a2200229Ia 4500
003 OSt
005 20220923214901.0
006 a|||||r|||| 00| 0
007 ta
008 220922b |||||||| |||| 00| 0 hin d
024 _a173,490
037 _cTextual
040 _aARTS
_cARTS
_bhin
041 _2hin
_ahin
082 _aO152:6xN2, J0(TPH)
100 _aरघुनन्दन, संपा.
245 0 _aलेख लतिका
246 _aLekh latikā
260 _c1950
942 _hO152:6xN2, J0(TPH)
_cTEXL
_2CC
999 _c327381
_d327381